The future of domestic capital markets in developing countries (Record no. 158052)
[ view plain ]
| 000 -LEADER | |
|---|---|
| fixed length control field | 01371nam a2200313Ia 4500 |
| 245 04 - TITLE STATEMENT | |
| Title | The future of domestic capital markets in developing countries |
| 260 ## - PUBLICATION, DISTRIBUTION, ETC. (IMPRINT) | |
| Place of publication | Washington, D.C. : |
| Name of publisher | Brookings Institution Press, |
| Year of publication | c2003. |
| 300 ## - PHYSICAL DESCRIPTION | |
| Number of Pages | x, 532 p. : |
| Other physical details | ill. |
| 650 #0 - SUBJECT ADDED ENTRY--TOPICAL TERM | |
| Topical Term | Capital market |
| Topical Term | Capital market |
| Topical Term | Capital market |
| 700 1# - ADDED ENTRY--PERSONAL NAME | |
| Personal name | Litan, Robert E., |
| Personal name | Pomerleano, Michael. |
| Personal name | Sundararajan, Vasudevan. |
| 856 40 - ELECTRONIC LOCATION AND ACCESS | |
| Uniform Resource Identifier | http://site.ebrary.com/lib/rucke/Doc?id=10063841 |
No items available.
